|
|
|
|
| LEADER |
00000ntmaa2200000 a 4500 |
| 001 |
vtls011763331 |
| 003 |
SK-MaSNL |
| 005 |
20260301183306.0 |
| 008 |
251021s1821 hu || 000ns cze |
| 035 |
|
|
|a urn:nbn:sk:snk-tm00ekjv
|
| 035 |
|
|
|a urn:nbn:sk:snk-tm3n3gm
|
| 035 |
|
|
|a 2BE4E8B8-E560-4E8D-B141-4FD3398F8058
|
| 040 |
|
|
|a SNKLA
|b slo
|c SNKLA
|e AACR2
|
| 041 |
0 |
|
|a cze
|
| 044 |
|
|
|a hu
|c HU
|
| 072 |
|
7 |
|a 2
|x Náboženstvo
|2 konspekt
|
| 072 |
|
7 |
|a 27-46/-48
|x Pastorálna teológia
|2 konspekt
|
| 080 |
|
|
|a 27-475.5
|2 2011
|
| 080 |
|
|
|a 025.171
|2 2011
|
| 100 |
1 |
|
|a Seberini, Ondrej,
|d 1784-1832
|4 aut
|9 370210
|
| 245 |
1 |
0 |
|a [Kázne]
|c Ondrej Szeberini
|
| 260 |
|
|
|a [Maglód]
|c 1821
|
| 300 |
|
|
|a 29 nečíslovaných strán
|b rukopis, viazaný
|c 22 cm
|
| 520 |
2 |
|
|a Dve kázne - jedna pohrebná, druhá vianočná; prednesené v Maglóde
|
| 555 |
0 |
|
|a Inventár rukopisov Archívu literatúry a umenia Slovenskej národnej knižnice. Rukopisy Muzeálnej slovenskej spoločnosti : Slovenská národná knižnica 2008
|
| 561 |
|
|
|a Okrúhla pečiatka: Museálna slovenská spoločnosť
|
| 610 |
2 |
7 |
|a Evanjelická cirkev a.v.
|2 SNKKA
|9 32425
|
| 651 |
|
7 |
|a Maglód (Maďarsko)
|2 SNKPHgeo
|9 191282
|
| 655 |
|
7 |
|a kázne
|2 SNKPH
|9 70516
|
| 655 |
|
7 |
|a rukopisy
|2 SNKPH
|9 70548
|
| 852 |
|
|
|a Slovenská národná knižnica
|b Literárny archív
|
| 852 |
|
|
|a Slovenská národná knižnica
|b Literárny archív
|
| 958 |
|
|
|a MS
|
| 958 |
|
|
|a LAVD
|
| 999 |
|
|
|c 856483
|d 858413
|
| 952 |
|
|
|a SNKLA
|b SNKLA
|c SNKLA_DEP
|y NEVYP
|7 0
|p 17A1228142
|o snkMSS 542
|0 0
|1 0
|4 0
|d 2018-06-21
|f 1
|l 0
|r 2026-02-24 04:59:17
|w 2026-02-24
|